Länder Autokennzeichen #3 - Statistiken

Allgemein
  • Dieses Quiz wurde 111 mal gespielt
  • Das Durchschnittsergebnis liegt bei 15 aus 24
Antwortstatistiken
Kennzeichen Land % Korrekt
RUS Russland
99%
NL Niederlande
98%
CZ Tschechien
98%
IND Indien
95%
AFG Afghanistan
88%
SRB Serbien
88%
SLO Slowenien
88%
DK Dänemark
79%
BG Bulgarien
74%
S Schweden
71%
NZ Neuseeland
69%
NAM Namibia
68%
P Portugal
66%
CGO Kongo
60%
EC Ecuador
59%
KZ Kasachstan
57%
VN Vietnam
50%
AZ Aserbaidschan
48%
IR Iran
44%
CDN Kanada
41%
SGP Singapur
31%
T Thailand
14%
SN Senegal
13%
RA Argentinien
1%
Keine übereinstimmenden Quizze gefunden
Verteilung der Resultate
Anzahl Personen mit jedem Resultat
Perzentil nach korrekt beantworteten Fragen
Ihre Resultats-Entwicklung
Sie haben dieses Quiz noch nicht gespielt